Návrh riadenia nového typu robotického podvozku

Salvato in:
Dettagli Bibliografici
Autore principale: Štefka, Patrik (Autore)
Altri autori: Hubinský, Peter (Relatore della tesi)
Natura: Manoscritto Libro
Lingua:slovacco
Pubblicazione: 2017
Soggetti:
Accesso online:http://is.stuba.sk/zp/portal_zp.pl?podrobnosti=125692
Tags: Aggiungi Tag
Nessun Tag, puoi essere il primo ad aggiungerne!!

MARC

LEADER 00000ntm a22000003a 4500
001 stuzp60473
003 SK-STU
005 20170711140846.6
007 ta
008 150427s2015----xo-----f-mn---000-0-slo-d
040 |a STU  |b slo 
041 0 |a slo 
044 |a xo 
100 1 |a Štefka, Patrik  |u 031000  |4 aut  |U FEI Fakulta elektrotechniky a informatiky  |T FEI Ústav robotiky a kybernetiky  |X 74554  |U E011  |Y 356  |7 74554 
242 0 1 |a Design of a new type of robotic drive  |y eng 
245 1 0 |a Návrh riadenia nového typu robotického podvozku 
260 |c 2017 
300 |a 49 s.,  |b DVD 
650 4 |a AnyWay 2.0  |2 slo 
650 4 |a indoor  |2 slo 
650 4 |a mobilná robotika  |2 slo 
650 4 |a planétový prevod  |2 slo 
650 4 |a linux  |2 slo 
650 4 |a Raspberry Pi  |2 slo 
650 4 |a robot  |2 slo 
650 4 |a podvozok  |2 slo 
650 4 |a typy podvozkov  |2 slo 
650 4 |a všesmerový podvozok  |2 slo 
650 4 |a AVR  |2 slo 
650 4 |a robot  |2 eng 
650 4 |a mobile robotics  |2 eng 
650 4 |a types of robots  |2 eng 
650 4 |a omni drive  |2 eng 
650 4 |a AnyWay 2.0  |2 eng 
650 4 |a indoor  |2 eng 
650 4 |a Raspberry Pi  |2 eng 
650 4 |a planetary gear  |2 eng 
650 4 |a linux  |2 eng 
650 4 |a AVR  |2 eng 
700 1 |a Hubinský, Peter  |u 031000  |k Z1  |4 ths  |U FEI Fakulta elektrotechniky a informatiky  |T FEI Ústav robotiky a kybernetiky  |X 4940  |U E011  |Y 356  |7 A000004940 
856 4 |u http://is.stuba.sk/zp/portal_zp.pl?podrobnosti=125692 
996 |b 284ER02337  |c E*Bc- 2337  |l EE31  |s P  |a 0  |w stuzp60473_0001